000 00621nam a2200229Ia 4500
003 IN-BaIIA
008 211028s9999 xx 000 0 eng d
020 _a0-471-81242-0
040 _cIIA Library
080 _a533.5
_bO'HA
100 _aO'Hanlon, J. F
_926297
245 2 _aA user's guide to vaccum technology
_cJ. F. O'Hanlon
250 _a2nd ed.
260 _aNew York
_bJohn Wiley & Sons
_c1989
300 _axv, 481p.
490 _aXerox copy
650 _aCryogenic pumps
_926298
650 _aGas properties
_926299
650 _aVaccum pumps
_926300
650 _aVaccum technology
_926301
942 _cBK
999 _c14710
_d14710